Städte Afrikas - Sudden Dead - Statistiken

Allgemein
  • Dieses Quiz wurde 230 mal gespielt
  • Das Durchschnittsergebnis liegt bei 10 aus 20
Answers on the Grid
Answers color-coded by a green-red scale on the quiz's grid according to % correct below.
Bangui
Maseru
Jakarta
Durban
Port Moresby
Jaipur
Luxor
Rabat
Banjul
Kaunas
Abidjan
Turku
Multan
Lusaka
Niamey
Naypyidaw
Accra
Chengdu
Ibadan
Medina
Isfahan
Fes
Baku
Windhuk
Samarkand
Freetown
Karatschi
Mombasa
Mandalay
Asmara
Morogoro
Porto-Novo
Sao Luis
Caracas
Jaunde
Tripolis
 
Antwortstatistiken
Antwort % Korrekt
Rabat
73%
Accra
66%
Luxor
62%
Windhuk
62%
Mombasa
58%
Lusaka
56%
Tripolis
56%
Bangui
55%
Jaunde
52%
Durban
51%
Maseru
51%
Freetown
49%
Banjul
48%
Niamey
48%
Abidjan
44%
Fes
42%
Porto-Novo
38%
Asmara
33%
Ibadan
25%
Morogoro
24%
Keine übereinstimmenden Quizze gefunden
Verteilung der Resultate
Anzahl Personen mit jedem Resultat
Perzentil nach korrekt beantworteten Fragen
Ihre Resultats-Entwicklung
Sie haben dieses Quiz noch nicht gespielt